000 00686nam a2200241I 4500
001 19094
003 BD-RjUL
005 20211209000401.0
008 140223r19661956 1 eng u
035 _a(BD-RjUL)19152
040 _cMDY
_dm.c.
_dBOS
_dBD-RjUL
_aBOS
_beng
041 _aeng
082 _a350
_bWAP 1966
090 _aJF1351
_b.F56
100 1 _aWaldo, Dwight.
_921073
245 1 0 _aPerspectives on administration /
_cDwight Waldo
260 _aUniversity, Ala. :
_bUniversity of Alabama Press,
_cc1956 [Reprinted 1966].
300 _a143 p. ;
_c21 cm.
504 _aIncludes index.
650 0 _aPublic administration.
_958854
942 _2ddc
_cBK
999 _c19094
_d19094